[Event "vl-2324 MVP"]
[Site "MVP"]
[Date "2023.10.22"]
[Round "1.1"]
[White "Kliewe, Hans-Juergen"]
[Black "Westphal, Wolfgang"]
[Result "0-1"]
[WhiteElo "2127"]
[BlackElo "2202"]
[PlyCount "88"]
[EventDate "2023.??.??"]
[EventType "team-tourn"]
[EventRounds "9"]
[EventCountry "GER"]
[WhiteTeam "GW Wismar"]
[BlackTeam "SSC Graal-Mueritz"]
[WhiteTeamCountry "GER"]
[BlackTeamCountry "GER"]

1. d4 Nf6 2. Nf3 e6 3. Bf4 b6 4. e3 Bb7 5. Nbd2 Be7 6. h3 O-O 7. c3 d5 8. Bd3 Ne4 9. O-O f5 10. Ne5 Nxd2 11. Qxd2 Nd7 12. Qe2 Nxe5 13. Bxe5 Bd6 14. Bxd6 Qxd6 15. Ba6 Bc6 16. Bb5 Bxb5 17. Qxb5 c6 18. Qd3 Rf6 19. f4 g5 20. Rac1 Rg6 21. c4 Kh8 22. Kh1 Rag8 23. Rc2 g4 24. hxg4 Rxg4 25. Rf3 Qe7 26. Rh3 Rh4 27. Rxh4 Qxh4+ 28. Kg1 Qe1+ 29. Qf1 Qxe3+ 30. Qf2 Qxf2+ 31. Kxf2 dxc4 32. Rxc4 Rc8 33. b4 b5 34. Rc1 Kg7 35. a4 a6 36. axb5 axb5 37. Ra1 Rc7 38. Ra8 Kf6 39. Rh8 Ra7 40. Kg3 Ra3+ 41. Kh4 Rb3 42. Rxh7 Rxb4 43. Rh6+ Ke7 44. Kg5 Rxd4 0-1

[Event "vl-2324 MVP"]
[Site "MVP"]
[Date "2023.10.22"]
[Round "1.3"]
[White "Schinke, Andreas"]
[Black "Dittrich, Carsten"]
[Result "1-0"]
[WhiteElo "2053"]
[BlackElo "1877"]
[PlyCount "61"]
[EventDate "2023.??.??"]
[EventType "team-tourn"]
[EventRounds "9"]
[EventCountry "GER"]
[WhiteTeam "GW Wismar"]
[BlackTeam "SSC Graal-Mueritz"]
[WhiteTeamCountry "GER"]
[BlackTeamCountry "GER"]

1. e4 e5 2. Nf3 Nc6 3. Nc3 Be7 4. d4 d6 5. Bb5 exd4 6. Nxd4 Bd7 7. Bxc6 bxc6 8. Be3 Bf6 9. O-O Ne7 10. f4 Ng6 11. Qh5 c5 12. Nde2 Rb8 13. b3 Bc6 14. Rae1 Qe7 15. Bd2 O-O 16. Ng3 Bd4+ 17. Kh1 Qf6 18. Nd5 Bxd5 19. Qxd5 Ne7 20. Qc4 Qe6 21. Qa6 c4 22. f5 Qf6 23. Qxc4 Be5 24. Bf4 Rb6 25. Bxe5 Qxe5 26. Qd3 Re8 27. c4 a5 28. Qf3 a4 29. f6 gxf6 30. Nh5 f5 31. exf5 1-0

[Event "vl-2324 MVP"]
[Site "MVP"]
[Date "2023.10.22"]
[Round "1.6"]
[White "Krueger, Alexander"]
[Black "Junggebauer, Thomas"]
[Result "1/2-1/2"]
[WhiteElo "2072"]
[BlackElo "1971"]
[PlyCount "150"]
[EventDate "2023.??.??"]
[EventType "team-tourn"]
[EventRounds "9"]
[EventCountry "GER"]
[WhiteTeam "SSC Graal-Mueritz"]
[BlackTeam "GW Wismar"]
[WhiteTeamCountry "GER"]
[BlackTeamCountry "GER"]

1. e4 c5 2. Nf3 Nc6 3. Bb5 e6 4. O-O Nf6 5. Re1 Be7 6. c3 O-O 7. d4 d5 8. e5 Ne4 9. Nbd2 Nxd2 10. Qxd2 Qb6 11. Qe2 cxd4 12. Bxc6 bxc6 13. Nxd4 Ba6 14. Qg4 c5 15. Bh6 g6 16. Bxf8 Bxf8 17. Nb3 Bd3 18. Nc1 Bc2 19. b3 d4 20. Qe2 Bf5 21. g4 d3 22. Nxd3 Bxd3 23. Qxd3 Rd8 24. Qe3 Qa6 25. Qe2 Qa5 26. Rac1 Bh6 27. Rc2 Qc7 28. Qe4 Rd5 29. f4 Bg7 30. g5 h6 31. h4 h5 32. Re3 Qd8 33. Kf2 Bf8 34. Ke2 a5 35. Rd3 Qc8 36. c4 Rd4 37. Rxd4 cxd4 38. Qxd4 Qc6 39. c5 Qg2+ 40. Qf2 Qe4+ 41. Kd2 a4 42. bxa4 Qd5+ 43. Kc1 Qh1+ 44. Kb2 Qb7+ 45. Ka3 Qd5 46. Rc3 Be7 47. Kb2 Qb7+ 48. Rb3 Qd5 49. Rb5 Qd3 50. Rb3 Qd5 51. Rb5 Qd3 52. Qc2 Qd4+ 53. Kb3 Qd5+ 54. Qc4 Qd1+ 55. Kb4 Qe1+ 56. Qc3 Qe4+ 57. Ka3 Qd5 58. a5 Qc6 59. Ka4 Qe4+ 60. Kb3 Qb1+ 61. Qb2 Qd3+ 62. Ka4 Qc4+ 63. Ka3 Bxc5+ 64. Rxc5 Qxc5+ 65. Qb4 Qc1+ 66. Ka4 Qc6+ 67. Kb3 Qd5+ 68. Kc3 Qf3+ 69. Kc2 Qe2+ 70. Qd2 Qc4+ 71. Kb2 Qb5+ 72. Ka3 Qc5+ 73. Qb4 Qc1+ 74. Kb3 Qd1+ 75. Kc3 Qf3+ 1/2-1/2

[Event "vl-2324 MVP"]
[Site "MVP"]
[Date "2023.10.22"]
[Round "1.2"]
[White "Schamber, Dennis"]
[Black "Pawlicz, Filip"]
[Result "1-0"]
[WhiteElo "1714"]
[BlackElo "1553"]
[PlyCount "73"]
[EventDate "2023.??.??"]
[EventType "team-tourn"]
[EventRounds "9"]
[EventCountry "GER"]
[WhiteTeam "Makkabi Rostock"]
[BlackTeam "SAV Torgelow II"]
[WhiteTeamCountry "GER"]
[BlackTeamCountry "GER"]

1. d4 d5 2. c4 e6 3. Nc3 a6 4. cxd5 exd5 5. Nf3 Nf6 6. Bg5 Be7 7. e3 O-O 8. Bd3 c6 9. O-O Nbd7 10. Rc1 h6 11. Bh4 Re8 12. Bb1 Nf8 13. Qc2 g6 14. Ne5 Kg7 15. Bg3 Nh5 16. Ne2 Bf5 17. Qb3 Bxb1 18. Rxb1 f6 19. Qxb7 Nxg3 20. fxg3 fxe5 21. Rf2 Qd7 22. Qb3 Bf6 23. Rbf1 Nh7 24. h4 Rab8 25. Qc2 e4 26. Nf4 h5 27. Qe2 Kh6 28. b3 Rb6 29. Nxg6 Kxg6 30. Rf5 Kf7 31. Qxh5+ Ke6 32. Rxf6+ Nxf6 33. Qe5+ Kf7 34. Rxf6+ Kg8 35. Rg6+ Kf8 36. Qh8+ Ke7 37. Qf6# 1-0

[Event "vl-2324 MVP"]
[Site "MVP"]
[Date "2023.10.22"]
[Round "1.6"]
[White "Gavrylyuk, Oleksandr"]
[Black "Troemer, Felix"]
[Result "1/2-1/2"]
[WhiteElo "1286"]
[BlackElo "1753"]
[PlyCount "100"]
[EventDate "2023.??.??"]
[EventType "team-tourn"]
[EventRounds "9"]
[EventCountry "GER"]
[WhiteTeam "Makkabi Rostock"]
[BlackTeam "SAV Torgelow II"]
[WhiteTeamCountry "GER"]
[BlackTeamCountry "GER"]

1. e4 c5 2. Nf3 e6 3. d4 cxd4 4. Nxd4 a6 5. Nc3 Qc7 6. a3 b5 7. Be3 Bb7 8. Be2 Nf6 9. f3 b4 10. axb4 Bxb4 11. Qd2 Bxe4 12. Ra4 Bxc3 13. bxc3 Bb7 14. O-O Nd5 15. Rc4 Nc6 16. Rb1 Nxe3 17. Qxe3 O-O 18. Bd3 Rab8 19. Qg5 Qe5 20. Qd2 Ba8 21. Re1 Qf6 22. Ra4 Nxd4 23. cxd4 Bc6 24. Rxa6 Qxd4+ 25. Kh1 Qf6 26. Be4 Bxe4 27. Rxe4 Rb1+ 28. Re1 Rfb8 29. h3 Qe5 30. Rd1 Rxd1+ 31. Qxd1 Qb5 32. Rd6 Rb7 33. c4 Qxc4 34. Rxd7 Rxd7 35. Qxd7 Qc1+ 36. Kh2 Qf4+ 37. Kh1 Qb8 38. Qc6 h6 39. Kg1 Qf4 40. Qc8+ Kh7 41. Qc2+ Qf5 42. Qxf5+ exf5 43. Kf2 Kg6 44. f4 Kf6 45. Ke3 Ke6 46. Kd4 Kd6 47. g3 h5 48. h4 g6 49. Kc4 Kc6 50. Kd4 Kd6 1/2-1/2

[Event "vl-2324 MVP"]
[Site "MVP"]
[Date "2023.10.22"]
[Round "1.7"]
[White "Bollnow, Alex"]
[Black "Roeste, Stein"]
[Result "1/2-1/2"]
[WhiteElo "1657"]
[BlackElo "1731"]
[PlyCount "93"]
[EventDate "2023.??.??"]
[EventType "team-tourn"]
[EventRounds "9"]
[EventCountry "GER"]
[WhiteTeam "SAV Torgelow II"]
[BlackTeam "Makkabi Rostock"]
[WhiteTeamCountry "GER"]
[BlackTeamCountry "GER"]

1. e4 c5 2. Nf3 e6 3. d4 d5 4. Bb5+ Nc6 5. exd5 Qxd5 6. Nc3 Qd8 7. O-O a6 8. Bxc6+ bxc6 9. dxc5 Qxd1 10. Rxd1 Bxc5 11. Ne4 Be7 12. Ne5 Nf6 13. Nxf6+ Bxf6 14. Nxc6 Bb7 15. Nb4 Ke7 16. Nd3 Rac8 17. c3 Rhd8 18. Be3 Rd5 19. Rd2 g5 20. Rad1 Kf8 21. Kf1 Kg7 22. h3 a5 23. f3 Ba6 24. Kg1 Bc4 25. Nc1 a4 26. Rxd5 Bxd5 27. a3 Kg6 28. Bd4 Be7 29. Nd3 f6 30. Kf2 h5 31. h4 Bb3 32. Re1 Bd6 33. hxg5 Kxg5 34. g3 e5 35. f4+ exf4 36. gxf4+ Bxf4 37. Nxf4 Kxf4 38. Bxf6 Rc5 39. Bd4 Rf5 40. Ke2 Kg4 41. Rg1+ Kf4 42. Rf1+ Ke4 43. Rxf5 Kxf5 44. Kd3 Ke6 45. Ke4 Kd6 46. Bf2 Kc6 47. Kd4 1/2-1/2

[Event "vl-2324 MVP"]
[Site "MVP"]
[Date "2023.10.22"]
[Round "1.8"]
[White "Koepnick, Amanda"]
[Black "Schmekel, Matthias"]
[Result "1-0"]
[WhiteElo "1333"]
[BlackElo "1938"]
[PlyCount "83"]
[EventDate "2023.??.??"]
[EventType "team-tourn"]
[EventRounds "9"]
[EventCountry "GER"]
[WhiteTeam "Makkabi Rostock"]
[BlackTeam "SAV Torgelow II"]
[WhiteTeamCountry "GER"]
[BlackTeamCountry "GER"]

1. e4 c5 2. Nf3 Nc6 3. d4 cxd4 4. Nxd4 Nf6 5. Nc3 a6 6. Be2 e5 7. Nf3 Bb4 8. Bg5 O-O 9. O-O Bxc3 10. bxc3 Qe7 11. Bc4 d6 12. h3 Bd7 13. a4 Rac8 14. Bd5 Na5 15. Qd2 Be6 16. Rfd1 Rfd8 17. Rab1 Bxd5 18. Bxf6 Qxf6 19. Qxd5 Rc5 20. Qd3 Qe7 21. Qe3 Qc7 22. Rd3 Nc4 23. Qg5 Nb6 24. Nh4 f6 25. Qg4 Nxa4 26. Qe6+ Kf8 27. Rb3 Rc6 28. Qf5 Kg8 29. Qe6+ Kh8 30. Qg4 Nc5 31. Nf5 Nxd3 32. cxd3 g6 33. Ng3 Qf7 34. c4 b5 35. cxb5 Rc1+ 36. Kh2 Qxb3 37. bxa6 Ra1 38. Qh4 Kg7 39. Qg4 Qd1 40. Nf5+ Kf8 41. Qh4 Kf7 42. Qxh7+ 1-0

[Event "vl-2324 MVP"]
[Site "MVP"]
[Date "2023.10.22"]
[Round "1.1"]
[White "Illgen, Alexander"]
[Black "Wandel, Bernd"]
[Result "0-1"]
[WhiteElo "2009"]
[BlackElo "2054"]
[PlyCount "98"]
[EventDate "2023.??.??"]
[EventType "team-tourn"]
[EventRounds "9"]
[EventCountry "GER"]
[WhiteTeam "VT Ludwigslust"]
[BlackTeam "SF Schwerin II"]
[WhiteTeamCountry "GER"]
[BlackTeamCountry "GER"]

1. d4 Nf6 2. Nf3 d5 3. c4 e6 4. Nc3 Be7 5. Bg5 O-O 6. e3 h6 7. Bxf6 Bxf6 8. cxd5 exd5 9. Be2 c6 10. O-O Re8 11. b4 b6 12. Qb3 Bb7 13. Rfd1 Nd7 14. b5 Nf8 15. bxc6 Bxc6 16. Bb5 Rc8 17. Bxc6 Rxc6 18. Nxd5 Ng6 19. Rac1 Rd6 20. Nxf6+ Rxf6 21. Qb5 Qa8 22. Qh5 Qe4 23. Qh3 Qd5 24. Rc8 Rfe6 25. Rc2 f5 26. Qh5 Qe4 27. Ne1 f4 28. Rc3 Rd8 29. f3 Qb7 30. e4 Qa6 31. Rc2 Kh7 32. Rcd2 Qc4 33. Kf2 Red6 34. d5 Qc5+ 35. Kf1 Re8 36. Qg4 Re5 37. g3 Rg5 38. Qh3 fxg3 39. hxg3 Qc4+ 40. Kf2 Rf6 41. Rc2 Qxe4 42. Re2 Qb4 43. Ng2 Qc5+ 44. Ne3 Ne5 45. f4 Nc4 46. Qg2 Nxe3 47. Qe4+ Nf5+ 48. Kf3 Rgg6 (48... Rxg3#) 49. g4 Nd6 0-1

[Event "vl-2324 MVP"]
[Site "MVP"]
[Date "2023.10.22"]
[Round "1.2"]
[White "Kutschke, Peter"]
[Black "Montag, Ralf"]
[Result "1-0"]
[WhiteElo "1993"]
[BlackElo "2050"]
[PlyCount "87"]
[EventDate "2023.??.??"]
[EventType "team-tourn"]
[EventRounds "9"]
[EventCountry "GER"]
[WhiteTeam "SF Schwerin II"]
[BlackTeam "VT Ludwigslust"]
[WhiteTeamCountry "GER"]
[BlackTeamCountry "GER"]

1. e4 c5 2. c4 Nc6 3. Ne2 e5 4. d3 d6 5. g3 Be6 6. Bg2 Qd7 7. h3 g6 8. Nbc3 Bg7 9. Nd5 Nd4 10. Nxd4 cxd4 11. a4 Ne7 12. Bg5 Bxd5 13. exd5 h6 14. Bd2 O-O 15. O-O Kh7 16. Kh2 f5 17. f4 Ng8 18. fxe5 Bxe5 19. b4 Nf6 20. Bf4 Rae8 21. Qd2 g5 22. Qf2 Nh5 23. Bxe5 dxe5 24. c5 f4 25. Be4+ Kg7 26. g4 Ng3 27. Rfc1 h5 28. c6 bxc6 29. dxc6 Qd6 30. gxh5 Nxe4 31. dxe4 Qxb4 32. Rab1 Qd6 33. Rb7+ Re7 34. Rg1 Kh6 35. Rxg5 Kxg5 36. Qg2+ Kxh5 37. Qg4+ Kh6 38. Qh4+ Kg6 39. Rxe7 Rf7 40. Qg4+ Kf6 41. Qh4+ Kg7 42. c7 Rxe7 43. c8=Q Qa3 44. Qhh8+ 1-0

[Event "vl-2324 MVP"]
[Site "MVP"]
[Date "2023.10.22"]
[Round "1.3"]
[White "Hasselmann, Dieter"]
[Black "Schmidt, Arne"]
[Result "1/2-1/2"]
[WhiteElo "2116"]
[BlackElo "1774"]
[PlyCount "45"]
[EventDate "2023.??.??"]
[EventType "team-tourn"]
[EventRounds "9"]
[EventCountry "GER"]
[WhiteTeam "VT Ludwigslust"]
[BlackTeam "SF Schwerin II"]
[WhiteTeamCountry "GER"]
[BlackTeamCountry "GER"]

1. e4 e5 2. Nc3 Nf6 3. Nf3 Nc6 4. d4 exd4 5. Nxd4 Bb4 6. Nxc6 dxc6 7. Bd3 O-O 8. O-O Ng4 9. Bf4 Bd6 10. Qf3 Qf6 11. Bg3 Qxf3 12. gxf3 Ne5 13. f4 Nxd3 14. cxd3 f5 15. e5 Bc5 16. Bh4 Be6 17. Rfd1 Bd4 18. Rd2 Rf7 19. Kf1 Rd7 20. Ke2 Kf7 21. f3 Bxc3 22. bxc3 c5 23. Ke3 1/2-1/2

[Event "vl-2324 MVP"]
[Site "MVP"]
[Date "2023.10.22"]
[Round "1.6"]
[White "Goertz, Frank"]
[Black "Hilpert, Andreas"]
[Result "1/2-1/2"]
[WhiteElo "1778"]
[BlackElo "1879"]
[PlyCount "67"]
[EventDate "2023.??.??"]
[EventType "team-tourn"]
[EventRounds "9"]
[EventCountry "GER"]
[WhiteTeam "SF Schwerin II"]
[BlackTeam "VT Ludwigslust"]
[WhiteTeamCountry "GER"]
[BlackTeamCountry "GER"]

1. e4 c6 2. d4 d5 3. Nc3 dxe4 4. Nxe4 Nf6 5. Nxf6+ exf6 6. Bf4 Bd6 7. Bxd6 Qxd6 8. c3 Bf5 9. Bd3 Bxd3 10. Qxd3 Nd7 11. Ne2 O-O 12. O-O Rfe8 13. Rfe1 Re6 14. Ng3 Rae8 15. Re3 g6 16. Rae1 f5 17. Nf1 Nf6 18. c4 Rd8 19. Rd1 Re4 20. Rxe4 Nxe4 21. a3 a6 22. b4 b5 23. Ne3 Qf4 24. f3 Nf6 25. Nf1 h5 26. g3 Qd6 27. Kf2 h4 28. c5 hxg3+ 29. hxg3 Qc7 30. Qe3 Kg7 31. Qg5 Qe7 32. Qe3 Qc7 33. Qg5 Qe7 34. Qe3 1/2-1/2

[Event "vl-2324 MVP"]
[Site "MVP"]
[Date "2023.10.22"]
[Round "1.7"]
[White "Wiemer, Juergen"]
[Black "Voll, Andreas"]
[Result "1/2-1/2"]
[WhiteElo "1978"]
[BlackElo "1880"]
[PlyCount "57"]
[EventDate "2023.??.??"]
[EventType "team-tourn"]
[EventRounds "9"]
[EventCountry "GER"]
[WhiteTeam "VT Ludwigslust"]
[BlackTeam "SF Schwerin II"]
[WhiteTeamCountry "GER"]
[BlackTeamCountry "GER"]

1. e4 c5 2. c4 Nc6 3. Nf3 d6 4. h3 Nf6 5. d3 g6 6. Nc3 Bg7 7. a3 Bd7 8. Rb1 a6 9. Bd2 Rb8 10. b4 cxb4 11. axb4 b5 12. cxb5 axb5 13. d4 O-O 14. e5 dxe5 15. dxe5 Ne8 16. Bf4 Nc7 17. Be2 Be6 18. O-O Qc8 19. Qc1 Qb7 20. Bh6 Rfd8 21. Bxg7 Kxg7 22. Ne4 Nd5 23. Nc5 Qc8 24. Ng5 Bf5 25. Rb3 Nd4 26. Qb2 Nxe2+ 27. Qxe2 h6 28. Nge4 Nf4 29. Qe3 1/2-1/2

[Event "vl-2324 MVP"]
[Site "MVP"]
[Date "2023.10.22"]
[Round "1.8"]
[White "Popp, Michael"]
[Black "Emmrich, Olaf"]
[Result "1/2-1/2"]
[WhiteElo "1958"]
[BlackElo "1896"]
[PlyCount "31"]
[EventDate "2023.??.??"]
[EventType "team-tourn"]
[EventRounds "9"]
[EventCountry "GER"]
[WhiteTeam "SF Schwerin II"]
[BlackTeam "VT Ludwigslust"]
[WhiteTeamCountry "GER"]
[BlackTeamCountry "GER"]

1. e4 d6 2. d4 Nf6 3. Bd3 c6 4. Nf3 Nbd7 5. O-O g6 6. c4 e5 7. Be3 Bg7 8. Nc3 O-O 9. h3 Re8 10. Bc2 Qc7 11. Rb1 exd4 12. Bxd4 Ne5 13. Nxe5 dxe5 14. Be3 Be6 15. Qe2 Nh5 16. b3 1/2-1/2

[Event "vl-2324 MVP"]
[Site "MVP"]
[Date "2023.10.22"]
[Round "1.1"]
[White "Stubbe, Wilko"]
[Black "Grossmann, Piet"]
[Result "1-0"]
[WhiteElo "2181"]
[BlackElo "1904"]
[PlyCount "85"]
[EventDate "2023.??.??"]
[EventType "team-tourn"]
[EventRounds "9"]
[EventCountry "GER"]
[WhiteTeam "Greifswalder SV"]
[BlackTeam "SAV Torgelow"]
[WhiteTeamCountry "GER"]
[BlackTeamCountry "GER"]

1. Nf3 Nf6 2. g3 b5 3. a4 b4 4. Bg2 Bb7 5. c3 e6 6. O-O Be7 7. cxb4 Bxb4 8. d3 O-O 9. Bd2 Be7 10. Qb3 Bd5 11. Qc2 c5 12. Na3 Na6 13. e4 Bb7 14. Nc4 Nb4 15. Bxb4 cxb4 16. e5 Ne8 17. d4 Rc8 18. Qb3 Bd5 19. Nfd2 Bxg2 20. Kxg2 Qc7 21. Rac1 Qc6+ 22. Qf3 d5 23. exd6 Qxf3+ 24. Nxf3 Nxd6 25. Nce5 Rxc1 26. Rxc1 Rc8 27. Rxc8+ Nxc8 28. Nc6 Kf8 29. Kf1 Ke8 30. Ke2 f6 31. Kd3 Kd7 32. Nxe7 Nxe7 33. Kc4 Nc6 34. Kc5 a5 35. Nd2 e5 36. d5 Nd4 37. Nc4 Nb3+ 38. Kb5 e4 39. Nxa5 Nc1 40. Nc4 Nd3 41. a5 Kc8 42. a6 Kb8 43. d6 1-0

[Event "vl-2324 MVP"]
[Site "MVP"]
[Date "2023.10.22"]
[Round "1.2"]
[White "Herrmann, Jakob"]
[Black "Stopsack, Malte"]
[Result "1-0"]
[WhiteElo "1980"]
[BlackElo "2173"]
[PlyCount "101"]
[EventDate "2023.??.??"]
[EventType "team-tourn"]
[EventRounds "9"]
[EventCountry "GER"]
[WhiteTeam "SAV Torgelow"]
[BlackTeam "Greifswalder SV"]
[WhiteTeamCountry "GER"]
[BlackTeamCountry "GER"]

1. e4 c5 2. Nf3 Nc6 3. Bb5 g6 4. O-O Bg7 5. c3 Nf6 6. Re1 O-O 7. d4 d5 8. e5 Ne4 9. Nbd2 Nxd2 10. Qxd2 Qb6 11. Bxc6 bxc6 12. b3 c4 13. bxc4 dxc4 14. Ba3 Qc7 15. Qe2 Be6 16. Nd2 Qa5 17. Bb4 Qd5 18. Bxe7 Rfe8 19. Bc5 f6 20. f4 g5 21. exf6 Bf7 22. Qg4 Bxf6 23. fxg5 Qxg5 24. Ne4 Rxe4 25. Rxe4 Bg6 26. h4 Qd5 27. Re6 Bg7 28. Re7 Kh8 29. Rf1 Rg8 30. Rd7 Qe4 31. Qxe4 Bxe4 32. g3 Bh6 33. Bd6 Re8 34. Rff7 Kg8 35. Be5 Bf8 36. Rxa7 Bg6 37. Rfb7 c5 38. h5 Bd3 39. Rb5 cxd4 40. Bxd4 Bh6 41. Bf2 Bd2 42. Bd4 Bh6 43. Kh2 Re2+ 44. Kh3 Re8 45. Be5 Bf8 46. a4 Rd8 47. Bd4 h6 48. a5 Re8 49. Rb2 Be2 50. Rxe2 Rxe2 51. Ra8 1-0

[Event "vl-2324 MVP"]
[Site "MVP"]
[Date "2023.10.22"]
[Round "1.3"]
[White "Kalhorn, Stefan"]
[Black "Korbal, Arkadiusz"]
[Result "0-1"]
[WhiteElo "2090"]
[BlackElo "2080"]
[PlyCount "72"]
[EventDate "2023.??.??"]
[EventType "team-tourn"]
[EventRounds "9"]
[EventCountry "GER"]
[WhiteTeam "Greifswalder SV"]
[BlackTeam "SAV Torgelow"]
[WhiteTeamCountry "GER"]
[BlackTeamCountry "GER"]

1. d4 d5 2. Nf3 Nf6 3. g3 Bf5 4. Bg2 e6 5. c4 c6 6. Qb3 Qb6 7. c5 Qxb3 8. axb3 Na6 9. Nc3 Nd7 10. Nh4 Bc2 11. Kd2 Bg6 12. Nxg6 hxg6 13. h4 e5 14. e3 Be7 15. Re1 g5 16. Nxd5 cxd5 17. Bxd5 O-O-O 18. Bc4 Ndxc5 19. Ke2 Ne6 20. d5 Nec7 21. hxg5 Bxg5 22. e4 Bxc1 23. Rexc1 Kb8 24. Ra5 Rd6 25. Rca1 Rh2 26. Ke3 Nb4 27. Rc1 b6 28. Ra4 a5 29. Be2 g5 30. Bg4 Rh8 31. Raa1 Nca6 32. Rc3 Kb7 33. Kd2 Nc5 34. Re3 Rh2 35. Rf1 Rf6 36. Bf5 Nxd5 0-1

[Event "vl-2324 MVP"]
[Site "MVP"]
[Date "2023.10.22"]
[Round "1.4"]
[White "Schmekel, Florian"]
[Black "Lange, Jannis"]
[Result "0-1"]
[WhiteElo "2103"]
[BlackElo "2085"]
[PlyCount "78"]
[EventDate "2023.??.??"]
[EventType "team-tourn"]
[EventRounds "9"]
[EventCountry "GER"]
[WhiteTeam "SAV Torgelow"]
[BlackTeam "Greifswalder SV"]
[WhiteTeamCountry "GER"]
[BlackTeamCountry "GER"]

1. d4 Nf6 2. c4 g6 3. Nc3 d5 4. cxd5 Nxd5 5. e4 Nxc3 6. bxc3 Bg7 7. Bc4 c5 8. Ne2 Nc6 9. Be3 Bg4 10. f3 Bd7 11. O-O O-O 12. Rb1 Qc7 13. Qc1 Rfd8 14. Rd1 a6 15. Bf4 Qc8 16. Rb6 cxd4 17. cxd4 Na5 18. Rb4 b5 19. Bd5 Bc6 20. Bb3 Nb7 21. Bc2 Be8 22. Rb1 Qc4 23. Qd2 Qxa2 24. d5 Nd6 25. Bxd6 Rxd6 26. Kh1 a5 27. f4 b4 28. e5 Rb6 29. d6 exd6 30. exd6 Bd7 31. Qe3 Qxc2 32. Qxb6 Qxe2 33. Qb7 Qe8 34. Rbc1 Rb8 35. Qa7 a4 36. Rc7 Rd8 37. Qf2 Bc3 38. f5 Bxf5 39. d7 Rxd7 0-1

[Event "vl-2324 MVP"]
[Site "MVP"]
[Date "2023.10.22"]
[Round "1.5"]
[White "Mildner, Jens"]
[Black "Zentgraf, Robert"]
[Result "1-0"]
[WhiteElo "2107"]
[BlackElo "2170"]
[PlyCount "89"]
[EventDate "2023.??.??"]
[EventType "team-tourn"]
[EventRounds "9"]
[EventCountry "GER"]
[WhiteTeam "Greifswalder SV"]
[BlackTeam "SAV Torgelow"]
[WhiteTeamCountry "GER"]
[BlackTeamCountry "GER"]

1. d4 Nf6 2. c4 g6 3. Nc3 Bg7 4. e4 d6 5. Be2 O-O 6. Nf3 e5 7. O-O Nc6 8. d5 Ne7 9. b4 Nh5 10. Ne1 Nf4 11. Nd3 f5 12. f3 a5 13. bxa5 Rxa5 14. a4 g5 15. g3 Nxd3 16. Bxd3 f4 17. g4 h5 18. h3 Kf7 19. Kf2 Rh8 20. Rh1 Ng6 21. Bd2 Bd7 22. Qb3 Qc8 23. Be2 Nh4 24. Nb5 Ra8 25. Bb4 Qb8 26. c5 Bf8 27. c6 bxc6 28. dxc6+ Be6 29. Bc4 Qb6+ 30. Ke2 Bxc4+ 31. Qxc4+ Kf6 32. Ra3 Rxa4 33. Nxc7 Qxc7 34. Rxa4 Qb6 35. Bd2 Nxf3 36. Kxf3 hxg4+ 37. Ke2 g3 38. Rha1 Rxh3 39. Ra7 Rh2+ 40. Kd3 d5 41. Qxd5 Be7 42. Rxe7 Rxd2+ 43. Kxd2 Qb2+ 44. Kd3 Kxe7 45. Ra7+ 1-0

[Event "vl-2324 MVP"]
[Site "MVP"]
[Date "2023.10.22"]
[Round "1.6"]
[White "Bauer, Norbert"]
[Black "Johlke, Lorenz"]
[Result "1-0"]
[WhiteElo "2066"]
[BlackElo "1644"]
[PlyCount "149"]
[EventDate "2023.??.??"]
[EventType "team-tourn"]
[EventRounds "9"]
[EventCountry "GER"]
[WhiteTeam "SAV Torgelow"]
[BlackTeam "Greifswalder SV"]
[WhiteTeamCountry "GER"]
[BlackTeamCountry "GER"]

1. d4 f5 2. g3 Nf6 3. Bg2 e6 4. c4 Bb4+ 5. Bd2 Bxd2+ 6. Nxd2 O-O 7. Ngf3 Ne4 8. Qc2 d5 9. O-O Nc6 10. Rfd1 Rb8 11. Nf1 f4 12. N1d2 fxg3 13. hxg3 Nxd2 14. Rxd2 Qf6 15. e4 Nb4 16. Qc3 dxe4 17. Ne5 Nd3 18. Bxe4 Nxe5 19. dxe5 Qg5 20. Rad1 b6 21. Bg2 a5 22. c5 Ba6 23. c6 h5 24. Rd7 Rbc8 25. f4 Qf5 26. Re7 Rf7 27. Rxf7 Qxf7 28. Rd7 Qg6 29. Qd2 Kh7 30. Kh2 Qg4 31. Be4+ Kh6 32. Qe3 Qe2+ 33. Qxe2 Bxe2 34. f5 exf5 35. Bxf5 Bg4 36. Bxg4 hxg4 37. e6 Kg6 38. e7 Re8 39. Rxc7 Kf6 40. Rb7 Rxe7 41. c7 Re2+ 42. Kg1 Rc2 43. Rxb6+ Ke7 44. Rg6 Kf7 45. Rxg4 Rxc7 46. Rf4+ Ke6 47. Kg2 g5 48. Re4+ Kf5 49. Kf3 Rc2 50. g4+ Kf6 51. Re2 Rc4 52. Rd2 Ke5 53. Rd8 Rc2 54. Rb8 Rc5 55. a4 Kd4 56. Rf8 Kc4 57. Rf5 Kb4 58. Ke3 Rc2 59. Kd3 Rg2 60. Rxg5 Kxa4 61. Kc3 Rg3+ 62. Kc2 Rg2+ 63. Kc3 Rg3+ 64. Kc4 Rg2 65. b3+ Ka3 66. Rxa5+ Kb2 67. g5 Rg4+ 68. Kd3 Kxb3 69. Ke3 Kb4 70. Re5 Rg1 71. Kf4 Kc4 72. Kf5 Kd4 73. Re2 Rf1+ 74. Kg6 Kd5 75. Kg7 1-0

[Event "vl-2324 MVP"]
[Site "MVP"]
[Date "2023.10.22"]
[Round "1.7"]
[White "Schwahn, Christian"]
[Black "Ehlers, Michael"]
[Result "1/2-1/2"]
[WhiteElo "1922"]
[BlackElo "1944"]
[PlyCount "28"]
[EventDate "2023.??.??"]
[EventType "team-tourn"]
[EventRounds "9"]
[EventCountry "GER"]
[WhiteTeam "Greifswalder SV"]
[BlackTeam "SAV Torgelow"]
[WhiteTeamCountry "GER"]
[BlackTeamCountry "GER"]

1. d4 Nf6 2. Nf3 b6 3. g3 Bb7 4. Bg2 e6 5. O-O Be7 6. c4 O-O 7. Nc3 d6 8. Qc2 Nbd7 9. b3 Rc8 10. Rd1 Re8 11. a4 a5 12. Bb2 Bf8 13. Rac1 g6 14. Qb1 Bh6 1/2-1/2

[Event "vl-2324 MVP"]
[Site "MVP"]
[Date "2023.10.22"]
[Round "1.8"]
[White "Schmidt, Paul"]
[Black "Sowada, Christoph"]
[Result "1/2-1/2"]
[WhiteElo "1856"]
[BlackElo "1950"]
[PlyCount "54"]
[EventDate "2023.??.??"]
[EventType "team-tourn"]
[EventRounds "9"]
[EventCountry "GER"]
[WhiteTeam "SAV Torgelow"]
[BlackTeam "Greifswalder SV"]
[WhiteTeamCountry "GER"]
[BlackTeamCountry "GER"]

1. e4 e5 2. Nf3 Nc6 3. Bb5 a6 4. Ba4 Nf6 5. O-O Be7 6. Re1 b5 7. Bb3 O-O 8. c3 d5 9. exd5 Nxd5 10. Nxe5 Nxe5 11. Rxe5 c6 12. d3 Bd6 13. Re1 Qh4 14. g3 Qh3 15. Re4 Nf6 16. Rh4 Qf5 17. Nd2 g5 18. Rh6 Ng4 19. Ne4 Nxh6 20. Nxd6 Qg6 21. Ne4 g4 22. Bg5 Bf5 23. Qd2 Kg7 24. Qf4 Ng8 25. Nd6 Bxd3 26. Rd1 f6 27. Bh4 Ne7 1/2-1/2

[Event "vl-2324 MVP"]
[Site "MVP"]
[Date "2023.10.22"]
[Round "1.1"]
[White "Kallweit, Paul"]
[Black "Stoevesand, Eric"]
[Result "0-1"]
[WhiteElo "1891"]
[BlackElo "1910"]
[PlyCount "74"]
[EventDate "2023.??.??"]
[EventType "team-tourn"]
[EventRounds "9"]
[EventCountry "GER"]
[WhiteTeam "SSC Rostock"]
[BlackTeam "SG Neubrandenburg"]
[WhiteTeamCountry "GER"]
[BlackTeamCountry "GER"]

1. d4 d5 2. Bf4 Nf6 3. e3 e6 4. c3 Bd6 5. Bg3 O-O 6. Nd2 c5 7. Ngf3 Qc7 8. Ne5 Nbd7 9. Ndf3 Ne4 10. Bd3 Ndf6 11. Qe2 a6 12. Rd1 b5 13. Bf4 c4 14. Bb1 b4 15. Nd2 Nxd2 16. Qxd2 Nh5 17. Bg3 Rb8 18. Qe2 g6 19. Ng4 Nxg3 20. hxg3 Kg7 21. f4 Qb6 22. Kf2 bxc3 23. bxc3 Qb2 24. Rhe1 Qxc3 25. Kf3 Rb2 26. Qf1 h5 27. Nf2 f5 28. Rc1 Qa3 29. Nd1 Rb6 30. Nf2 Bd7 31. Re2 Rfb8 32. Rec2 Qa5 33. Nh3 Ba3 34. Re1 Ba4 35. Rce2 Bb4 36. Rc1 Bd2 37. Rc2 Rxb1 0-1